Geogussr Meta - Statistics

General Stats
  • This quiz has been taken 18 times
  • The average score is 12 of 22
Answer Stats
Meta Answer % Correct
Hebrew Israel
94%
Red Soil with Latin Langauge Brazil
88%
Police Car follow in Africa Nigeria
76%
Short Solid Yellow License Plates w/ Spanish Colombia
71%
Black tape on front right rack on car Ghana
65%
Double Blue EU Badge w/ short front plate Italy
65%
Vertical Yellow Sticker Japan
59%
Eastern Asia Low Cam Japan
59%
Diagonal Yellow and Black Pole that goes to ground. Taiwan
59%
South American All White line Chile
53%
Truck with Tent Mongolia
53%
Snorkel with roof rack Mongolia
53%
Long Solid Yellow License Plates with EU badge Netherlands | Luxembourg
53%
White Road Sign with Black Sock Russia
53%
Red License Plate in Asia Bhutan
47%
Thick Black Rear View Mirrors with silver car w/ roof rack Gautemala
47%
Indian Low Cam Sri Lanka
47%
European Low Cam Switzerland
47%
Long Solid Yellow License Plates United Kingdom
47%
Short of the above South Korea
41%
Black and White Bollard Thailand
35%
Full Yellow Bollard/ Dark Black Gravel Road Iceland
24%
No matching quizzes found
Score Distribution
Percent of People with Each Score
Percentile by Number Answered
Your Score History
You have not taken this quiz